| 000 | 00366nam a2200157Ia 4500 | ||
|---|---|---|---|
| 003 | OSt | ||
| 005 | 20240212125518.0 | ||
| 008 | 170524s9999 xx 000 0 und d | ||
| 020 | _a 978-0199454716 | ||
| 040 | _cIIMT UNIVERSITY | ||
| 100 | _aPAREEK UDAI | ||
| 100 | _c2012 | ||
| 245 | 0 | _aUNDERSTNDING ORGANIZATIONAL BEHAVIOUR | |
| 260 | _aOXFORD | ||
| 942 |
_2ddc _c01 |
||
| 999 |
_c2816 _d2816 |
||